| 000 | 00763nam a2200121Ia 4500 | ||
|---|---|---|---|
| 008 | 220620s9999||||xx |||||||||||||| ||und|| | ||
| 100 | _aGallagher, Kevin P. | ||
| 245 | 0 |
_aRuling Capital _bEmerging Markets and the Reregulation of Cross-Border Finance |
|
| 546 | _aEnglish[eng] | ||
| 650 | _aEconomics||finance||monetary policy||IMF||WTO||Brazil||Capital (economics)||Capital account||Capital control||Developed country||Ecosystem Management Decision Support||Exchange rate||International Monetary Fund||South Korea||United States | ||
| 856 | _uhttps://library.oapen.org/bitstream/20.500.12657/30782/1/642720.pdf||https://library.oapen.org/bitstream/20.500.12657/30782/1/642720.pdf||https://library.oapen.org/bitstream/20.500.12657/30782/1/642720.pdf | ||
| 942 | _cEB | ||
| 999 |
_c31786 _d31786 |
||